Dược và mỹ phẩm Số 109

Nội dung về Phát triển dược lâm sàng ở Việt Nam: An toàn và chất lượng sử dụng thuốc; Dự đoán của hệ thống Cleveland Cilinic về top 10 tiến bộ y khoa cho năm 2020; Vai trò của dược sĩ trong tư vấn sản phẩm tránh thai khẩn cấp; Phương phá...

Descripción completa

Guardado en:
Detalles Bibliográficos
Formato: Libro
Lenguaje:Vietnamese
Publicado: H. Cục quản lý Dược 2019
Materias:
Etiquetas: Agregar Etiqueta
Sin Etiquetas, Sea el primero en etiquetar este registro!
Thư viện lưu trữ: Thư viện Trường Đại học Nam Cần Thơ
LEADER 01169nam a22002177a 4500
001 NCT_113024
008 220413b xxu||||| |||| 00| 0 vie d
999 |c 5753  |d 5753 
041 |a vie 
082 0 4 |2 23rd ed.  |a 615  |b D557V 
245 0 0 |a Dược và mỹ phẩm  |n Số 109  |c Cục quản lý Dược 
260 |a H.  |b Cục quản lý Dược  |c 2019 
300 |c 30cm 
310 |a Hàng tháng 
362 |a 12/2019 
520 3 |a Nội dung về Phát triển dược lâm sàng ở Việt Nam: An toàn và chất lượng sử dụng thuốc; Dự đoán của hệ thống Cleveland Cilinic về top 10 tiến bộ y khoa cho năm 2020; Vai trò của dược sĩ trong tư vấn sản phẩm tránh thai khẩn cấp; Phương pháp tiềm năng mới trong thị trường bệnh tiểu đường tuýp 2 
653 |a Dược học 
655 |a Tạp chí 
942 |2 ddc  |c CR 
952 |0 0  |1 0  |2 ddc  |4 0  |6 615_000000000000000_D557V  |7 0  |9 23262  |a 000001  |b 000001  |d 2022-04-23  |o 615 D557V  |r 2022-04-23  |w 2022-04-23  |y CR 
980 |a Thư viện Trường Đại học Nam Cần Thơ